| 000 | 00376nam a2200133Ia 4500 | ||
|---|---|---|---|
| 008 | 220217s9999||||xx |||||||||||||| ||und|| | ||
| 020 | _a81-203-2722-5 | ||
| 082 | _a621.381 MAH | ||
| 100 | _aMaheshwari, L.K and Anand, M.M.S | ||
| 245 | 0 | _aAnolog electronics | |
| 260 |
_aNew age international private, Ltd. _bNew Delhi _c2006 |
||
| 300 | _b350 | ||
| 650 | _aELECTRONICS | ||
| 999 |
_c174554 _d174554 |
||